| 000 | 02019nam a2200301Ia 4500 | ||
|---|---|---|---|
| 999 |
_c51494 _d51494 |
||
| 001 | 18480 | ||
| 003 | GE_BSU | ||
| 005 | 20250304134528.0 | ||
| 008 | 181216s2016||||ge |||||||||||||| ||geo|| | ||
| 020 | _a9789941241826 | ||
| 040 | _cGE_BSU | ||
| 041 | _ageo | ||
| 080 | _a27-36 წ-71 | ||
| 245 |
_aწმინდა პიმენ სალოსი ; წმინდა სვიმონ სალოსი ; წმინდა ანდრია სალოსი / _cშემდგენელი კახაბერ კენკიშვილი ; გარეკანის დიზაინი რატი თორდია. |
||
| 264 |
_aთბილისი : _bპალიტრა L, _c2016. |
||
| 300 |
_a228 გვ. ; _c20 სმ. |
||
| 490 |
_aსაქართველოს იმედი II : ყველა წმინდანი, რომელთა შესახებაც უნდა იცოდე, 2298-0547 / პროექტის რედაქტორი თამარ მამაცაშვილი ; _vწ. 41 |
||
| 500 | _aიბეჭდება სრულიად საქართველოს კათოლიკოს-პატრიარქის, უწმინდესისა და უნეტარესის ილია II-ის ლოცვა-კურთხევით | ||
| 541 | _h2 ლ. | ||
| 653 | _aრელიგია | ||
| 653 | _aწმინდა პიმენ სალოსი | ||
| 653 | _aწმინდა სვიმონ სალოსი | ||
| 653 | _a წმინდა ანდრია სალოსი | ||
| 700 |
_aკენკიშვილი, კახაბერ _eშემდგენელი _924441 |
||
| 700 |
_aმამაცაშვილი, თამარ _eპროექტის რედაქტორი _924442 |
||
| 700 |
_aთორდია, რატი _eგარეკანის დიზაინერი _917902 |
||
| 942 |
_cBK _2udc |
||